Guess The Female Singer - Picture Quiz - Statistics

General Stats
  • This quiz has been taken 847 times
  • The average score is 10 of 20
Answer Stats
Picture Answer % Correct
Taylor Swift
94%
Adele
90%
Pink
84%
Dolly Parton
74%
Celine Dion
73%
Demi Lovato
73%
Amy Winehouse
72%
Avril Lavigne
66%
Kelly Clarkson
59%
Lana Del Rey
53%
Christina Aguilera
50%
Tina Turner
50%
Kylie Minogue
34%
Shania Twain
33%
Jennifer Hudson
30%
Leona Lewis
30%
Mary J. Blige
27%
Sheryl Crow
23%
Faith Hill
17%
Ciara
15%
No matching quizzes found
Score Distribution
Percent of People with Each Score
Percentile by Number Answered
Your Score History
You have not taken this quiz